By the sea and the picnic
| Main Author: | |
|---|---|
| Format: | Book |
| Published: |
London :
BBC Video ,
1993
|
| Subjects: |
MARC
| LEADER | 00000cam a2200000 7i4500 | ||
|---|---|---|---|
| 001 | 0000001980 | ||
| 002 | 000002155 | ||
| 005 | 20020925.0 | ||
| 020 | |a 000002155 | ||
| 090 | 0 | 0 | |a F |b BYT |
| 100 | 1 | |a Huggett, Dave | |
| 245 | 1 | 0 | |a By the sea and the picnic |c Dave Huggett and Larry Keith |
| 260 | |a London : |b BBC Video , |c 1993 | ||
| 300 | |a 1 Video recording VHS (79 minutes) : |b col | ||
| 650 | 0 | 0 | |a Comedy, fiction |
| 999 | |a 00064 |b VIDEO |c KOLEKSI AUDIO VIDEO |e PERPUSTAKAAN KOMUNITI PETALING JAYA | ||